First look at... : paradox for windows

Bibliographic Details
Main Author: Ellis, Bret
Format: Book
Published: New York : Mitchell McGraw-Hill , 1994
Subjects:

MARC

LEADER 00000cam a2200000 7i4500
001 0000003089
002 000003342
005 20000330.0
020 |a 0070195692 
090 0 0 |a 005.74   |b ELL 
100 1 |a Ellis, Bret 
245 1 0 |a First look at... :   |b paradox for windows   |c Bret Ellis 
260 |a New York :   |b Mitchell McGraw-Hill ,   |c 1994 
300 |a 184p. ;   |c 23cm. 
650 0 0 |a Paradox (for windows application) 
999 |a 036647   |b BUKU   |c PINJAMAN   |e PERPUSTAKAAN KOMUNITI PETALING JAYA